Structured Cobol : A Step By Step Approach / Charles R. Litecky, Gordon B. Davis (Registro nro. 12274)
[ vista simple ]
| 000 -LÍDER | |
|---|---|
| fixed length control field | 00476nam a2200145 4500 |
| 008 - ELEMENTOS DE LONGITUD FIJA -- INFORMACIÓN GENERAL | |
| fixed length control field | 01987 0a 000 0USA |
| 020 ## - NÚMERO INTERNACIONAL NORMALIZADO PARA LIBROS | |
| ISBN | 0-07-015788-X |
| 050 ## - SIGNATURA TOPOGRAFICA DE LA BIBLIOTECA DEL CONGRESO (LC) | |
| Número de Clasificación | QA76.73.C25 L58 |
| 082 ## - NUMERO DE CLASIFICACION DECIMAL DEWEY | |
| Número de Clasificación | 001.642.4 L218s |
| 100 ## - ASIENTO PRINCIPAL--NOMBRE PERSONAL | |
| Nombre personal | Litecky, Charles R. |
| 245 ## - TÍTULO | |
| Título | Structured Cobol : A Step By Step Approach / Charles R. Litecky, Gordon B. Davis |
| 260 ## - PUBLICACIÓN, DISTRIBUCIÓN, ETC. (PIE DE IMPRENTA) | |
| Lugar de publicación, distribución, etc. | United States of America : McGraw-Hill |
| 300 ## - DESCRIPCIÓN FÍSICA | |
| Extensión | xi, 401 p. / 28 cm. |
| 650 ## - ASIENTO SECUNDARIO DE MATERIA - TERMINO TEMÁTICO | |
| Término temático o nombre geográfico como elemento de entrada | 1.PROGRAMACIÓN ESTRUCTURAL |
| No. biblioteca | No. biblioteca | Número de clasificación | Código de barras/Número de adquisición | Número de copia | Tipo de material |
|---|---|---|---|---|---|
| LUIS G. INCLAN | LUIS G. INCLAN | 001.642.4 L218s | 21321 | 1 | Libros |
| LUIS G. INCLAN | LUIS G. INCLAN | 001.642.4 L218s | 21322 | 2 | Libros |
| LUIS G. INCLAN | LUIS G. INCLAN | 001.642.4 L218s | 21323 | 3 | Libros |
